Truyền thụ tri thức phương pháp gắn với bồi dưỡng cho học sinh một số loại hình tư duy trong dạy học môn toán ở trường THPT /

Tallennettuna:
Bibliografiset tiedot
Päätekijä: Đặng Trung Văn.
Aineistotyyppi: Artikkeli
Kieli:Vietnamese
Aiheet:
Tagit: Lisää tagi
Ei tageja, Lisää ensimmäinen tagi!
Thư viện lưu trữ: Thư viện Trường Đại học Đà Lạt
LEADER 00882nam a2200265 4500
001 DLU180188040
005 ##20181019
040 # # |a DLU  |b vie 
041 # # |a vie 
044 # # |a vn 
100 # # |a Đặng Trung Văn. 
245 # # |a Truyền thụ tri thức phương pháp gắn với bồi dưỡng cho học sinh một số loại hình tư duy trong dạy học môn toán ở trường THPT /  |c Đặng Trung Văn. 
653 # # |a Dạy học môn toán 
653 # # |a Tư duy 
653 # # |a Truyền thụ tri thức 
773 # # |t Tạp chí dạy và học ngày nay  |g Số 12, 2017, tr. 34-36 
920 # # |a Phòng Tạp chí -- Trung tâm Thông tin - Thư viện Trường Đại học Đà Lạt 
994 # # |a DLU 
900 # # |a True 
911 # # |a Trần Thị Minh Hương 
925 # # |a G 
926 # # |a A 
927 # # |a BB 
980 # # |a Thư viện Trường Đại học Đà Lạt